[Event "LSS RN-2010-0-00288"]
[Site "LSS email"]
[Date "2010.05.16"]
[Round "?"]
[White "Vontina, Maria"]
[Black "Wakil, Masih"]
[Result "1-0"]
[WhiteElo "637"]
[BlackElo "694"]
[PlyCount "65"]
[EventDate "2010.05.06"]
[EventType "tourn (corr)"]
[EventRounds "6"]
[EventCountry "GER"]
[SourceTitle "Telechess CBM 147"]
[Source "ChessBase"]
[SourceDate "2012.03.16"]
[SourceVersion "1"]
[SourceVersionDate "2012.03.16"]
[SourceQuality "1"]

1. e4 c5 2. Nf3 Nf6 3. Nc3 e6 4. Bc4 Nc6 5. 0-0 a6 6. a4 d5 7. exd5 exd5 8. Re1+ Be7 9. Be2 0-0 10. d4 Bg4 11. dxc5 Bxc5 12. Rf1 h6 13. Bf4 Re8 14. h3 Bh5 15. Re1 Qd7 16. Qd2 Rad8 17. Rad1 Bb4 18. Qd3 Bg6 19. Qd2 Bxc3 20. Qxc3 Re4 21. Bg3 Rxa4 22. Bd3 Bh5 23. b3 Ra5 24. Be2 Ne4 25. Qb2 b5 26. Bf4 Bg6 27. Ne5 Nxe5 28. Bxe5 f6 29. Bd4 Qc7 30. Bf3 b4 31. Rc1 Rb5 32. c4 Rbb8 33. cxd5 1-0

[Event "ZN-2010-0-01038"]
[Site "LSS email"]
[Date "2010.05.13"]
[Round "?"]
[White "Urban, Milos"]
[Black "Wakil, Masih"]
[Result "0-1"]
[WhiteElo "505"]
[BlackElo "886"]
[PlyCount "37"]
[EventDate "2010.05.11"]
[EventType "match (corr)"]
[EventRounds "2"]
[EventCountry "GER"]
[SourceTitle "Telechess CBM 141"]
[Source "ChessBase"]
[SourceDate "2011.03.17"]
[SourceVersion "1"]
[SourceVersionDate "2011.03.17"]
[SourceQuality "1"]

1. e4 e5 2. Nf3 Nf6 3. Nxe5 Qe7 4. d4 d6 5. Nf3 Nxe4 6. Be2 Bg4 7. Be3 g6 8. h3 Bxf3 9. Bxf3 d5 10. Bxe4 Qxe4 11. 0-0 Nc6 12. Nc3 Qf5 13. Re1 0-0-0 14. g4 Qd7 15. a3 f5 16. f3 fxg4 17. fxg4 a6 18. Bg5 Be7 19. Bxe7 0-1

[Event "LSS ZN-2010-0-00971"]
[Site "LSS email"]
[Date "2010.03.26"]
[Round "?"]
[White "Albesa, Alfredo Ricardo"]
[Black "Wakil, Masih"]
[Result "1-0"]
[WhiteElo "876"]
[BlackElo "694"]
[PlyCount "43"]
[EventDate "2010.03.20"]
[EventType "match (corr)"]
[EventRounds "2"]
[EventCountry "GER"]
[SourceTitle "Telechess CBM 147"]
[Source "ChessBase"]
[SourceDate "2012.03.16"]
[SourceVersion "1"]
[SourceVersionDate "2012.03.16"]
[SourceQuality "1"]

1. e4 d6 2. d4 Nf6 3. Nc3 g6 4. Be3 Bg7 5. Nf3 Nc6 6. h3 a6 7. Bd3 0-0 8. Qd2 b5 9. 0-0 Bb7 10. a3 Na7 11. Bh6 c5 12. dxc5 dxc5 13. e5 Bxf3 14. exf6 exf6 15. gxf3 Qd7 16. Be4 Qxd2 17. Bxd2 Rad8 18. Rfd1 Rfe8 19. Be3 f5 20. Bb7 Bxc3 21. bxc3 Rxd1+ 22. Rxd1 1-0

[Event "LSS ZN-2010-0-00946"]
[Site "LSS email"]
[Date "2010.03.03"]
[Round "?"]
[White "Hendershot, Paul"]
[Black "Wakil, Masih"]
[Result "0-1"]
[WhiteElo "675"]
[BlackElo "800"]
[PlyCount "68"]
[EventDate "2010.02.26"]
[EventType "match (corr)"]
[EventRounds "2"]
[EventCountry "GER"]
[SourceTitle "Corr 2013"]
[Source "ChessBase"]
[SourceDate "2012.11.12"]
[SourceVersion "1"]
[SourceVersionDate "2012.11.12"]
[SourceQuality "1"]

1. e4 e5 2. d3 Bc5 3. Nf3 Nc6 4. c3 h6 5. Nbd2 Nf6 6. Nb3 Bb6 7. Be2 d6 8. Bd2 a6 9. 0-0 Be6 10. c4 Qd7 11. d4 exd4 12. c5 dxc5 13. e5 Nd5 14. Bc4 0-0-0 15. a4 f5 16. Nh4 Nxe5 17. a5 Ba7 18. Re1 Nxc4 19. Ng6 Rhg8 20. Ne5 Nxe5 21. Rxe5 Qc6 22. Rc1 g5 23. Nxc5 Bxc5 24. h3 Qd6 25. Qe1 Rde8 26. b4 Ba7 27. Rb1 Bf7 28. Rxe8+ Rxe8 29. Qd1 Nf4 30. Bxf4 Qxf4 31. Qc2 h5 32. Rc1 d3 33. Qxc7+ Qxc7 34. Rxc7+ Kxc7 0-1

[Event "OP-2010-0-01099"]
[Site "LSS email"]
[Date "2010.03.03"]
[Round "?"]
[White "Naess, Jan Olav"]
[Black "Wakil, Masih"]
[Result "1-0"]
[WhiteElo "1430"]
[BlackElo "800"]
[PlyCount "51"]
[EventDate "2010.02.26"]
[EventType "tourn (corr)"]
[EventRounds "4"]
[EventCountry "GER"]
[SourceTitle "Corr 2013"]
[Source "ChessBase"]
[SourceDate "2012.11.12"]
[SourceVersion "1"]
[SourceVersionDate "2012.11.12"]
[SourceQuality "1"]

1. d4 d5 2. Nf3 Nf6 3. Bg5 Bf5 4. Bxf6 exf6 5. Nh4 Be6 6. e3 Bb4+ 7. c3 Bd6 8. Bd3 a6 9. Nd2 Nc6 10. Nf5 Bxf5 11. Bxf5 g6 12. Bc2 Qe7 13. Qf3 Qe6 14. 0-0-0 0-0-0 15. h4 h5 16. Bb3 Be7 17. e4 Qg4 18. Bxd5 Rhf8 19. Qxg4+ hxg4 20. h5 gxh5 21. Rxh5 Bd6 22. g3 Ne7 23. Bb3 Ng6 24. Rh7 Rd7 25. Nc4 Re7 26. Bc2 1-0

[Event "OP-2010-0-01099"]
[Site "LSS email"]
[Date "2010.03.03"]
[Round "?"]
[White "Wakil, Masih"]
[Black "Morau, Jose Roberto"]
[Result "0-1"]
[WhiteElo "694"]
[BlackElo "1508"]
[PlyCount "26"]
[EventDate "2010.02.26"]
[EventType "tourn (corr)"]
[EventRounds "4"]
[EventCountry "GER"]
[SourceTitle "Corr 2015"]
[Source "ChessBase"]
[SourceDate "2015.07.17"]
[SourceVersion "1"]
[SourceVersionDate "2015.07.17"]
[SourceQuality "1"]

1. e4 e5 2. f4 exf4 3. Nf3 g5 4. d4 g4 5. Ne5 Qh4+ 6. Kd2 Nf6 7. Qe2 d6 8. Nd3 f3 9. gxf3 gxf3 10. Qxf3 Nxe4+ 11. Ke3 Bh6+ 12. Nf4 d5 13. Nc3 Bg4 0-1

[Event "OP-2010-0-01092"]
[Site "LSS email"]
[Date "2010.02.23"]
[Round "?"]
[White "Barna, David"]
[Black "Wakil, Masih"]
[Result "0-1"]
[WhiteElo "581"]
[BlackElo "694"]
[PlyCount "20"]
[EventDate "2010.02.17"]
[EventType "tourn (corr)"]
[EventRounds "4"]
[EventCountry "GER"]
[SourceTitle "Corr 2015"]
[Source "ChessBase"]
[SourceDate "2015.07.17"]
[SourceVersion "1"]
[SourceVersionDate "2015.07.17"]
[SourceQuality "1"]

1. e4 e5 2. Nf3 Nc6 3. Nc3 Nf6 4. Bc4 h6 5. 0-0 Bb4 6. a3 Ba5 7. b4 Bb6 8. d3 d6 9. Bb5 Bg4 10. Bxc6+ bxc6 0-1